I believe in the great commission. (Record no. 10188)

000 -LEADER
fixed length control field 00787nam a2200229 a 4500
001 - CONTROL NUMBER
control field :::00007973$&:&@@
003 - CONTROL NUMBER IDENTIFIER
control field OkBaRHE
005 - DATE AND TIME OF LATEST TRANSACTION
control field 20100401160708.0
008 - FIXED-LENGTH DATA ELEMENTS--GENERAL INFORMATION
fixed length control field s1976 j 000 0 eng u
020 ## - INTERNATIONAL STANDARD BOOK NUMBER
International Standard Book Number 0802816592
040 ## - CATALOGING SOURCE
Transcribing agency
100 1# - MAIN ENTRY--PERSONAL NAME
Personal name Warren, Max Alexander Cunningham, 1904-
245 10 - TITLE STATEMENT
Title I believe in the great commission.
250 ## - EDITION STATEMENT
Edition statement 1st U.S. ed.
260 ## - PUBLICATION, DISTRIBUTION, ETC. (IMPRINT)
Place of publication, distribution, etc Grand Rapids, MI., :
Name of publisher, distributor, etc Eerdmans Publishing Co.
Date of publication, distribution, etc 1976
300 ## - PHYSICAL DESCRIPTION
Extent 190 p. ;
Dimensions 21 cm.
650 ## - SUBJECT ADDED ENTRY--TOPICAL TERM
Topical term or geographic name as entry element Great Commission (Bible)
650 ## - SUBJECT ADDED ENTRY--TOPICAL TERM
Topical term or geographic name as entry element Missions
942 ## - ADDED ENTRY ELEMENTS (KOHA)
Source of classification or shelving scheme
Koha item type Books
Copies
Koha item type Copy number Shelving location Withdrawn status Source of classification or shelving scheme Date last seen Price effective from Date acquired Lost status Not for loan Full call number Permanent Location Barcode Damaged status
Books1General Stacks  2010-04-142010-04-142010-04-14  BV 2074 .W37 1976RHEMA Bible Training College7973 
Books2General Stacks  2010-04-142010-04-142010-04-14  BV 2074 .W37 1976RHEMA Bible Training College16274